000 00716nam a2200265 i 4500
001 C2-0301604
003 PPAK
005 20180728082848.0
008 091217s2004 my a|||| ||||| | may d
020 _a9789832414629
040 _aPPAK
_beng
_cPPAK
_erda
082 0 4 _a899.233
_223
090 0 0 _a899.233
_bMKR
_dK
100 0 _aM.K.Riza,
_eauthor
245 1 0 _aMentari Di Hadapan
264 1 _aKuala Lumpur :
_bAllwrite ,
_c2004
300 _a70 pages :
_billustrations ;
_c18 cm
336 _2rdacontent
_atext
337 _2rdamedia
_aunmediated
338 _2rdacarrier
_avolume
490 1 _aCereka bina diri
650 1 0 _aChildren's stories, Malay.
830 0 _aCereka bina diri
942 _ddc
_cB
999 _c105384
_d105384